| 000 | nam a22 a 4500 | ||
|---|---|---|---|
| 999 |
_c2781 _d2781 |
||
| 003 | AKMAL | ||
| 005 | 20170518084309.0 | ||
| 008 | 170518 1986 ohu 00 eng d | ||
| 020 | _a0538108908 | ||
| 040 | _aAKMAL | ||
| 082 | 0 | 4 | _a651 SMI |
| 090 |
_a651 _bSMI |
||
| 100 | 1 |
_aSmith, Allen N. _95872 |
|
| 245 | 1 |
_aAdvanced office systems / _cAllen N. Smith, Wilma Jean Alexander, Donald B. Medley |
|
| 260 |
_aCincinnati : _bSouth-Western Pub., _c1986 |
||
| 300 |
_axx, 620p. : _bill. (some col.) ; _c24cm. |
||
| 500 | _a"J89" | ||
| 650 |
_aOffice practice _xAutomation _95873 |
||
| 650 |
_aInformation storage and retrieval systems _xBusiness _95874 |
||
| 700 | 1 |
_aAlexander, Wilma Jean _95875 |
|
| 700 | 1 |
_aMedley, Don B. _95876 |
|
| 942 |
_2ddc _cBOOK |
||